| 000 | 00700nam a22002177a 4500 | ||
|---|---|---|---|
| 003 | KOHA_MİRAKIL | ||
| 005 | 20260414084650.0 | ||
| 008 | 260414b tu ||||| |||| 00| 0 tur d | ||
| 040 |
_aTR-AnABB _btur _cTR-AnABB |
||
| 041 | _atur | ||
| 082 |
_a306.09561 _bKIR 1963 |
||
| 100 | 1 | _aKırzıoğlu, M. Fahrettin | |
| 245 | 1 | 0 |
_aKürtlerin kökü / _cM. Fahrettin Kırzıoğlu |
| 260 |
_aDiyarbakır : _bDiyarbakırı Tanıtma Derneği Yayınları, _c1963 |
||
| 300 |
_a30 sayfa ; _c24 cm |
||
| 490 | 0 |
_aDiyarbakır Tanıtma Derneği Yayınları ; _vSayı: 9 |
|
| 490 | 0 |
_aTarih takımı ; _v3 |
|
| 650 | 0 | 4 | _aSosyal yaşam ve gelenekler |
| 650 | 0 | 4 | _aEtnoloji |
| 942 |
_2ddc _cBK |
||
| 999 |
_c10227 _d10227 |
||
| 900 | _bCan ÇELIK | ||